| 000 | 00445nam a2200145Ia 4500 | ||
|---|---|---|---|
| 999 |
_c6198 _d6198 |
||
| 008 | 201216s9999 xx 000 0 und d | ||
| 020 | _a9221010074 | ||
| 110 |
_94548 _aInternational Labour Office (ILO) |
||
| 245 | 0 | _aConciliation in industrial disputes | |
| 260 |
_aGeneva _bInternational Labour Office _c1973 |
||
| 300 | _a133p. | ||
| 650 | 0 | _aLabor laws and Legislation | |
| 710 |
_94548 _aInternational Labour Office (ILO) |
||
| 942 |
_cBK _2ddc |
||